000 01390nam a2200337 i 4500
005 20220317002021.0
007 ta
008 201106t20182019ck a|||jr6||| 00| 1 spa d
020 _a9789585463042
040 _aCO-BoRNBP
_bspa
_erda
_cCO-BoRNBP
041 0 _aspa
084 _aNG QUI14
100 1 _aQuintero Arena, Juan David
_d1993-
_eautor
245 1 0 _aDescubrimiento de Molgoria y Diario de C
_ccompilador, texto e ilustraciones de Juan David Quintero Arenas ; escritor del diario C ; ilustrador Yeidi ; traductora Concha Waterson
250 _aPrimera edición
_bPrimera reimpresión
264 1 _aMedellín
_bTragaluz Editores
_c2018
_c2019
300 _a44 páginas sin numerar
_bilustraciones
_c23 cm
_e1 libreta
336 _2rdacontent
_atexto
_btxt
337 _2rdamedia
_asin mediación
_bn
338 _2rdacarrier
_avolumen
_bnc
521 _aRecomendado para un público mayor de 15 años
545 _aIncluye datos biográficos de los autores al final del texto
650 1 7 _2LEMB
_aNovela gráfica colombiana
_ySiglo XXI
650 1 7 _2LEMB
_aLiteratura juvenil colombiana
_ySiglo XXI
650 1 7 _2LEMB
_aAutores colombianos
_ySiglo XXI
650 1 7 _2LEMB
_aMundos fantásticos
_vNovela gráfica
650 1 7 _2LEMB
_aExploradores
_vNovela gráfica
700 1 _aYeidi
_eilustrador
_9164078
700 1 _aWaterson, Concha
_etraductora
_9164079
942 _2loc
_cBKLIT
999 _c8909
_d8909